000 00867nam a22002057a 4500
005 20240527152906.0
010 _aHIN-127729
020 _c1000.00
_a9789394928329
035 _aHN-100075
037 _bDBAD
082 _a170
100 _aश्रीचन्दानी, सुरेश कुमार
_966947
245 _aमौलिकता वरण/
_c सुरेश कुमार श्रीचन्दानी
260 _aअजमेर
_bपदमकान्ता प्रकाशन
_c2021
270 _a403/16,ठठेरा चौक
_bअजमेर
_e305001
300 _a102पृ.
_c22सेमी.(आजिल्द)
650 _aहिन्दी
_966948
700 _aश्रीचन्दानी, सुरेश कुमार
_966789
942 _2ddc
_cHN
_h170
_mश्रीचन्दा
999 _c203288
_d203288